Statistics for 12 Biggest Cities in Fiji

Click here to take the quiz!

General Stats

  • This quiz has been taken 9 times
    (6 since last reset)
  • The average score is 9 of 12

Answer Stats

Answer% Correct
Ba
100%
Lautoka
100%
Nadi
100%
Nausori
100%
Sigatoka
100%
Suva
100%
Labasa
83%
Tavua
67%
Levuka
50%
Savusavu
50%
Lami
17%
Vatukoula
0%

Score Distribution

Percentile by Number Answered

Percent of People with Each Score

Your Score History

You have not taken this quiz since the last reset